| 000 | 00450nam a2200157 a 4500 | ||
|---|---|---|---|
| 005 | 20140414132142.0 | ||
| 008 | 140130s19uu xx 00 eng d | ||
| 020 | _a9781907554414 | ||
| 050 |
_aREF 523.1 _bCo77 2011 |
||
| 100 | _aCooper,Chris | ||
| 245 | _aEvrything you need to knoe about the universe. | ||
| 260 |
_aSan Diego, California : _bThunder Bay Press, _cc2011. |
||
| 300 | _a224 | ||
| 650 |
_aAstronomy- _xpopular works |
||
| 999 |
_c115365 _d115365 |
||